[Event "Lviv Tradition January 2019"]
[Site "Lviv"]
[Date "2019.01.28"]
[Round "3"]
[White "Taranenko, Evgueniy"]
[Black "Boricsev, Oleg"]
[Result "0-1"]
[WhiteElo "2218"]
[BlackElo "2297"]
[Annotator "TA"]
[PlyCount "94"]
[EventDate "2019.01.27"]
[EventType "schev"]
[EventCountry "UKR"]
[SourceTitle "playchess.com"]
[Source "ChessBase"]
[SourceQuality "1"]

{[%evp 9,94,-37,-8,-18,-28,-21,-14,-18,-12,-27,-2,-64,-60,-75,-57,-107,-17,-368,-76,-223,-241,-216,-185,-272,-243,-322,-315,-388,-154,-133,-100,-116,-93,-145,-123,-301,151,150,425,413,392,385,306,98,100,113,113,88,240,-31,-8,-8,-8,-8,-8,-20,0,0,0,0,0,-8,0,-2,-2,-2,-2,-8,0,-176,-189,-167,-169,-29965,-29967,-29971,-29972,-29975,-29974,-29974,-29975,-29975,-29976,-29976,-29977,-29977,-29978]} 1. Nc3 d5 2. a3 (2. e4 dxe4 3. Nxe4 Nd7 4. d4 Ngf6 5. Bd3 Nxe4 6. Bxe4 Nf6 7. Bf3 c6 8. Ne2 Bg4 9. Bxg4 Nxg4 10. h3 Nf6 11. c4 e6 12. O-O {½-½ (55) Mamedyarov,S (2801)-Giri,A (2782) chess.com INT 2018}) 2... d4 3. Ne4 e5 {[%cal Be7e5,Be5e4][%mdl 32]} 4. e3 dxe3 5. fxe3 $146 ({Predecessor:} 5. dxe3 Qxd1+ 6. Kxd1 Nd7 7. Nf3 Be7 8. Bc4 Ngf6 9. Ng3 O-O 10. Ke2 Ne8 11. b4 Nd6 12. Bb3 a5 13. Bb2 e4 14. Nd2 Bf6 {½-½ (14) Reid,M (2000)-Mamrukov,D (2143) FICGS email 2011}) 5... g6 6. Nf3 {A00: Irregular Openings} f5 7. Nc3 e4 8. Nd4 {The position is equal.} Bd6 9. g3 h5 10. Bc4 (10. d3 $11) 10... Nf6 $15 11. Qe2 h4 $36 {[%mdl 2048] Black has the initiative.} 12. Qg2 hxg3 (12... Nbd7 $17 {...Ne5 is the strong threat.} 13. b4 Ne5) 13. Nde2 $2 {[%mdl 8192]} (13. hxg3 $11 {and White is okay.} Rxh1+ 14. Qxh1) 13... Nc6 $2 (13... Rxh2 $19 {has better winning chances.} 14. Rxh2 gxh2 15. Qxg6+ Kd7 16. Qxf5+ Ke7 17. Nd5+ Kf8) 14. Nxg3 (14. hxg3 $17 Rxh1+ 15. Qxh1) 14... Ne5 $19 15. Be2 Bd7 16. b4 (16. d4 $142 exd3 17. cxd3) 16... Bc6 17. b5 Nf3+ 18. Kd1 Be5 $2 (18... Ng4 $19 {is more deadly.} 19. d4 Bxg3 20. Qxg3 Rh3 $1 {[%mdl 512]}) 19. bxc6 $17 Bxc3 20. cxb7 Rb8 21. Rb1 (21. Nxf5 $142 gxf5 22. Qg7 Bxa1 23. Qxh8+ Ke7 24. Qxd8+ Kxd8 25. c3) 21... Ng4 {[%cal Rg4e3]} 22. d3 $2 {[#]} (22. Bd3 $17 {was the only defense.} Nh4 23. Bb5+ (23. Qf1 $2 exd3 24. dxc3 Qd5 $19) 23... Ke7 24. Qe2 Rxb7 25. Nxe4) 22... Rxh2 $2 ({Black should play} 22... Ne1 $1 $19 {[%cal Re1g2][%mdl 512]} 23. Rxe1 Rxh2 24. Qxh2 Nxh2) 23. Rxh2 $16 Ngxh2 $2 {[#]} (23... Nfxh2 $16 {is a better defense.} 24. Nxe4 Qd5 {[%mdl 64] Pin}) 24. Nxe4 $1 $18 {[%mdl 512]} fxe4 25. Qxg6+ Kf8 26. Qxe4 $2 (26. Rb5 $1 $18 {[%cal Rb5f5] Rf5+ would kill now.} Qe8 27. Qf5+ Kg7 28. Rc5 (28. dxe4 Qd8+ 29. Rd5 Qh4 $11) 28... Rxb7 29. Rxc3) 26... Qg5 $16 {( -> ...Qg1+)} 27. Qf4+ Qxf4 28. exf4 Nd4 $2 (28... Ke7 $16 {was called for.}) 29. Bd2 $2 (29. Be3 $1 $18) 29... Nxe2 (29... Bxd2 {is interesting.} 30. Kxd2 Nxe2 31. Kxe2 Ng4 32. c4 Nh6) 30. Kxe2 Bxd2 $1 31. Kxd2 $15 {[%mdl 4096] Endgame Hoping for Rh1. KRN-KR} Ng4 32. a4 Nf6 33. a5 a6 34. c4 Ke7 35. f5 Kd7 36. d4 Ne4+ 37. Kd3 Nd6 $1 {[%csl LRb7,LRf5][%mdl 64] Double Attack} 38. c5 $1 {[%cal Rc5d6]} Rxb7 39. Rf1 $2 {[#]} (39. Rc1 $1 $11 Rb3+ 40. Kc2) 39... Rb3+ $1 $19 40. Kc2 {[#]} Nc4 $1 {[%cal Rc4e3] And now ...Ne3+ would win.} 41. Kxb3 $2 {KR-KN} ({Don't blunder} 41. c6+ $2 Kd6 $19) (41. Rf4 $19 Rb8 42. Re4) 41... Nd2+ {[%mdl 64] Double Attack. Black mates.} 42. Kb4 Nxf1 43. c6+ Kd6 44. f6 Ne3 45. f7 Ke7 46. Kc5 Kxf7 47. d5 Nf5 {Accuracy: White = 28%, Black = 45%.} 0-1

[Event "Lviv Tradition January 2019"]
[Site "Lviv"]
[Date "2019.01.28"]
[Round "3"]
[White "Kyrychenko, Maryan"]
[Black "Prydun, Andriy"]
[Result "0-1"]
[WhiteElo "2207"]
[BlackElo "2218"]
[Annotator "TA"]
[PlyCount "108"]
[EventDate "2019.01.27"]
[EventType "schev"]
[EventCountry "UKR"]
[SourceTitle "playchess.com"]
[Source "ChessBase"]
[SourceQuality "1"]

{[%evp 13,108,-5,28,6,26,0,1,-6,-7,-47,-41,-54,-35,-34,-27,-34,-33,-39,-54,-56,-50,-32,-19,-62,-54,-63,-54,-48,-31,-33,0,0,0,0,0,0,0,0,10,0,0,0,6,0,0,-19,0,-54,-48,-43,-35,-64,-47,-114,-114,-114,-114,-128,-117,-105,-107,-126,0,-89,-64,-491,-509,-504,-482,-933,-933,-752,-579,-717,-703,-649,-424,-404,-253,-3945,-511,-29989,-761,-717,-717,-714,-398,-712,-703,-696,-672,-638,-624,-624,-629,-29976,-11472]} 1. Nf3 d5 2. g3 Nf6 3. Bg2 c6 4. d4 Bf5 5. O-O e6 6. Nbd2 Nbd7 7. c4 Bd6 {LiveBook: 25 Games. D11: Slav Defence: 3 Nf3 sidelines and 3...Nf6 4 e3 Bg4} (7... h6 8. b3 Bd6 9. Bb2 O-O 10. e3 Qe7 11. Qe2 Bh7 12. Ne5 Rfd8 13. a3 a5 14. f4 c5 15. Kh1 Rac8 16. cxd5 exd5 17. Nxd7 Rxd7 {1-0 (49) Atabayev,S (2437)-Nezad,H (2422) Ashkhabad 2017}) 8. Re1 O-O 9. b3 a5 {The position is equal.} 10. Bb2 {[#]} a4 $146 {[%mdl 512]} ({Predecessor:} 10... Ne4 11. Nh4 Bb4 12. Bxe4 Bxe4 13. a3 Bxd2 14. Qxd2 g5 15. Nf3 h6 16. a4 f6 17. Qc3 {1-0 (34) Kerkmeester,H-Van der Veen,J Dieren 1983}) 11. Ne5 (11. bxa4 Bb4) 11... Bb4 12. Nxd7 Nxd7 (12... Qxd7 {is interesting.} 13. Qc1 axb3 14. axb3 Rxa1 15. Bxa1 Qd8) 13. a3 $1 {[%cal Ra3b4]} Bxd2 {[%mdl 64] Overworked Piece} 14. Qxd2 axb3 15. e4 dxe4 16. Bxe4 Bxe4 17. Rxe4 Ra4 18. Rc1 b5 19. cxb5 cxb5 20. Qd3 Nf6 21. Re5 Nd5 22. Qxb5 Ra8 23. Qxb3 Rb8 24. Qc2 Qb6 25. Re2 h6 26. Qc5 Qa6 27. Qc4 Qb7 28. Qc6 Qb3 29. Kg2 Rfc8 30. Qa6 (30. Qxc8+ $11 Rxc8 31. Rxc8+ Kh7 32. Rec2) 30... Rxc1 $15 31. Bxc1 {Threatens to win with Rb2.} Qc3 32. Be3 Rb6 33. Qa8+ ({White should try} 33. Qa4 $1 $15) 33... Kh7 $17 34. Qa4 {intending Qc2+.} Rb3 35. Qa6 Rxa3 36. Qb5 Rb3 37. Qa6 Ra3 38. Qb5 Qc8 39. h4 $2 {[%mdl 8192]} (39. Re1 $15) 39... Qa8 $1 $19 40. Kh2 Ra1 $1 41. Qd3+ (41. f3 $142 Qa3 42. Bg1) 41... f5 $1 42. f3 Nb4 {[%mdl 64] Discovered Attack} 43. Qc3 Qxf3 {[%csl Ga1][%cal Rf3h1]} 44. Rg2 Qd1 {[%csl Ga1][%cal Rd1h1]} 45. Bg1 Nd5 $40 {[%mdl 128] White is in trouble.} 46. Qc6 $2 {[#]} (46. Qc2) 46... Qg4 (46... Ne3 $142 $1 {[%mdl 512] ( -> ...Nf1+)} 47. Qc3 (47. Bxe3 Qh1#) 47... Nxg2 48. Qxa1 Qxa1 49. Kxg2 Qa8+ 50. Kf2 Qe4) 47. Rb2 {[#]} (47. Bf2 $19) 47... Rxg1 (47... Nf4 $142 $1 {[%mdl 512]} 48. Qg2 (48. gxf4 Qxg1+) 48... Nxg2 49. Rxg2 f4 50. Bf2 f3 51. Rg1 Ra2 52. Rg2 fxg2 53. Bg1 Qf3 54. d5 Ra1 55. h5 {[#]} Rxg1 $1 {[%mdl 576] Promotion} 56. Kxg1 Qf1+ 57. Kh2 g1=Q#) 48. Kxg1 Qxg3+ {[%mdl 4096] Endgame KQR-KQN} 49. Kf1 Qf3+ 50. Kg1 $2 (50. Ke1 Qe4+ 51. Kd2) 50... Qg4+ 51. Kf1 Ne3+ 52. Ke1 Qd1+ 53. Kf2 Qxd4 {[%mdl 64] Double Attack} 54. Re2 Nc2+ {Accuracy: White = 35%, Black = 58%.} 0-1

[Event "Lviv Tradition January 2019"]
[Site "Lviv"]
[Date "2019.01.28"]
[Round "3"]
[White "Siniauski, Artsiom"]
[Black "Sevostianov, Pavel"]
[Result "1/2-1/2"]
[WhiteElo "2182"]
[BlackElo "2258"]
[Annotator "TA"]
[PlyCount "72"]
[EventDate "2019.01.27"]
[EventType "schev"]
[EventCountry "UKR"]
[SourceTitle "playchess.com"]
[Source "ChessBase"]
[SourceQuality "1"]

{[%evp 16,72,57,3,8,8,4,0,52,27,39,30,55,25,39,47,73,70,72,66,101,49,72,82,70,49,45,0,4,8,8,-11,0,-10,-12,-6,-8,-11,-11,-64,-64,-66,-50,-75,-74,-84,-87,-84,-78,-135,-44,-49,0,0,0,0,12,9,9]} 1. e4 c5 2. Nf3 d6 3. Bb5+ Nc6 4. O-O Nf6 5. Re1 Bd7 6. c3 a6 7. Bf1 Bg4 8. h3 Bh5 9. d3 (9. g4 $14 Bg6 10. d3) 9... e6 $11 {B51: Sicilian: Moscow Variation (3 Bb5+) without 3...Bd7} 10. g4 (10. Nbd2 Be7 11. a3 O-O 12. g3 {½-½ (12) Brkic,A (2565)-Saric,A (2535) Biograd na Moru 2018}) 10... Bg6 11. Nh4 e5 (11... d5 $11) 12. f4 exf4 13. Bxf4 Be7 14. Nd2 Nd7 $146 ({Predecessor:} 14... O-O 15. Ndf3 d5 16. Nf5 Bxf5 17. gxf5 {1-0 (35) Sepp,O (2464)-Schuls,O (2267) Tallinn 2006}) 15. Nf5 Bxf5 16. exf5 O-O 17. Bg2 Nde5 18. Nc4 ({White should try} 18. Re3 $16) 18... Rb8 19. Qd2 b5 20. Nxe5 (20. Ne3 {with more complications.} Rc8 21. Re2 Bh4 22. Nd5 Ne7 23. Nxe7+ Bxe7 24. Bb7) 20... Nxe5 21. Bxe5 dxe5 22. Rxe5 b4 23. Rae1 Bh4 24. Rf1 bxc3 25. bxc3 Bg5 26. Qe2 Qa5 27. Re4 ({Better is} 27. Qe1 $11) 27... Qxc3 $15 28. Rc4 Qf6 29. Be4 Rb2 30. Rc2 Rfb8 31. Kh1 h6 {...Qe5 is the strong threat.} 32. Bd5 (32. Bg2 $142) 32... Kf8 (32... Rxc2 $17 33. Qxc2 Qd4) 33. Bb3 Qc6+ 34. Qg2 $1 {[%cal Rg2c6] The position is equal.} Qxg2+ 35. Rxg2 Rxg2 36. Kxg2 Re8 {Accuracy: White = 42%, Black = 39%.} 1/2-1/2

[Event "Lviv Tradition January 2019"]
[Site "Lviv"]
[Date "2019.01.28"]
[Round "3"]
[White "Gavrish, Leonid"]
[Black "Shkuran, Danylo"]
[Result "0-1"]
[WhiteElo "2149"]
[BlackElo "2359"]
[Annotator "TA"]
[PlyCount "120"]
[EventDate "2019.01.27"]
[EventType "schev"]
[EventCountry "UKR"]
[SourceTitle "playchess.com"]
[Source "ChessBase"]
[SourceQuality "1"]

{[%evp 13,120,60,70,59,110,108,87,68,93,0,0,0,0,-4,0,0,0,-14,-6,0,-2,-4,-6,-4,-14,-25,-23,-21,-18,-32,-24,-35,-13,-2,0,-12,-19,-27,-13,-7,-15,-12,0,-19,0,0,165,160,193,0,0,-20,-20,-6,-6,-6,-7,-102,-102,-112,-122,-198,-196,-185,-141,-237,-225,-222,-217,-212,-222,-212,-176,-236,-236,-233,-227,-264,-266,-245,-105,-116,-116,-123,-123,-123,-123,-123,-123,-123,-99,-105,-92,-92,-98,-113,-98,-115,-85,-89,-75,-112,-112,-1776,-1510,-29994,-29995,-29995,-29996]} 1. d4 Nf6 2. c4 g6 3. Nc3 Bg7 4. e4 {[%cal Be2e4,Be4e5][%mdl 32]} d6 5. f4 O-O 6. Nf3 Bg4 7. Be2 c6 8. O-O {E76: King's Indian: Four Pawns Attack: Lines specific to 6 Nf3 move-order} Qb6 (8... Nbd7 $14) (8... Nfd7 9. Be3 a6 10. a4 a5 11. Qd2 Na6 12. Rad1 Nb4 13. h3 Bxf3 14. Bxf3 Nb6 15. b3 d5 16. cxd5 cxd5 {½-½ (41) Miletic,V (1782)-Krstonijevic,S (2188) Podgorica 2018}) 9. e5 $16 Nfd7 $146 ({Predecessor:} 9... Bxf3 10. Bxf3 Ne8 11. Na4 Qc7 12. b4 Nd7 13. Bb2 Rd8 14. Qe2 {0-1 (33) Traczyk,P (1839)-Priszczepa,A (1802) Mazowsze 2009}) 10. Kh1 {White is better.} f6 11. c5 (11. Nh4 $16 Bxe2 12. Qxe2 fxe5 13. dxe5) 11... dxc5 $11 12. Na4 Qc7 13. Qb3+ Kh8 14. e6 c4 {[%mdl 64] Decoy} 15. Bxc4 b5 {[%mdl 64] Double Attack} 16. exd7 bxc4 17. Qxc4 Nxd7 18. Bd2 Nb6 19. Qc2 Bf5 20. Qb3 Nxa4 21. Qxa4 Be4 22. Rac1 Rab8 23. b3 Qd7 24. Bb4 {[%cal Bd2b4,Bb4c5,Bc5a7][%mdl 32]} Rfe8 25. Bc5 Qg4 26. Rce1 Bd5 27. Qxa7 Ra8 28. Rxe7 Rxa7 $40 {[%mdl 128] Black has some attack.} 29. Rxe8+ {[#]} Bg8 $2 (29... Bf8 $1 $11 {[%mdl 512] and Black has nothing to worry.} 30. Bxa7 (30. Bxf8 Rxa2) 30... Kg7) 30. Bxa7 $18 {aiming for Rd8.} Qd7 31. Ra8 $2 ({White has to play} 31. Rfe1 $1 $18 Qxa7 32. Rd8) 31... Qb7 $11 32. Rxg8+ Kxg8 33. Bc5 Bf8 34. Rc1 Bxc5 35. dxc5 {[%mdl 4096] Endgame KQ-KRN} (35. Rxc5 $11 {keeps the balance.} Qa6 36. h3) 35... Qa6 $17 36. a4 Qd3 37. b4 (37. a5 $17 {was necessary.}) 37... Qa3 $1 $19 {[%csl LRa4,LRb4,LRc1]} 38. Rb1 Qxa4 39. h3 (39. Nd4 $17) 39... Qc2 {[%mdl 1024] Black has strong compensation.} 40. Re1 Qb3 41. Re8+ Kf7 42. Rb8 Qc4 43. Rb6 (43. f5 $142) 43... Qc1+ 44. Ng1 Qxf4 45. Rxc6 Qxb4 46. Rc7+ {[#]} Ke6 (46... Kg8 $1 $19 47. c6 Qd6 48. Rc8+ Kg7) 47. Rxh7 Qxc5 48. Nf3 g5 49. Kh2 Qb4 {Strongly threatening ...Qb8+.} 50. Rh8 Qf4+ 51. Kg1 Qc1+ 52. Kh2 Kf5 53. Re8 Qc7+ 54. Kg1 Kf4 {And now ...Kg3 would win.} 55. Kh2 g4 56. hxg4 Kxg4+ 57. Kg1 Qc5+ 58. Kh1 $2 {[%mdl 8192] [#]} (58. Kf1 $17) 58... Kg3 $1 {( -> ...Qh5+)} 59. Rh8 Qc1+ 60. Ng1 Kf2 {Accuracy: White = 42%, Black = 63%.} 0-1

[Event "Lviv Tradition January 2019"]
[Site "Lviv"]
[Date "2019.01.29"]
[Round "4"]
[White "Shkuran, Danylo"]
[Black "Kagramanianz, Vartan"]
[Result "1/2-1/2"]
[WhiteElo "2359"]
[BlackElo "2246"]
[Annotator "NA"]
[PlyCount "63"]
[EventDate "2019.01.27"]
[EventType "schev"]
[EventCountry "UKR"]
[SourceTitle "playchess.com"]
[Source "ChessBase"]
[SourceQuality "1"]
[TimeControl "5400+30"]

1. e4 {[%emt 0:10:59]} c5 {[%emt 0:00:48]} 2. Nf3 {[%emt 0:01:03]} Nc6 {[%emt 0:00:30]} 3. Bb5 {[%emt 0:00:19]} e6 {[%emt 0:00:23]} 4. O-O {[%emt 0:00:06]} Nge7 {[%emt 0:00:06]} 5. Re1 {[%emt 0:00:11]} a6 {[%emt 0:00:07]} 6. Bf1 {[%emt 0:00:09]} d5 {[%emt 0:01:27]} 7. exd5 {[%emt 0:00:49]} Nxd5 {[%emt 0:01:30]} 8. d4 {[%emt 0:00:16]} Nf6 {[%emt 0:00:31]} 9. Be3 {[%emt 0:00:23]} cxd4 {[%emt 0:00:43] B30: Sicilian: 2...Nc6 3 Bb5, lines without ...g6} (9... Nd5 10. Bg5 f6 11. Bc1 cxd4 12. Nxd4 Nxd4 13. Qxd4 Bd6 14. g3 O-O 15. Bg2 Qc7 16. c3 Bc5 17. Qd3 {½-½ (70) Vidit,S (2711)-Lenic,L (2656) chess.com INT 2018}) 10. Nxd4 {[%emt 0:00:13]} Bd7 {[%emt 0:00:46]} 11. c4 {[%emt 0:00:46]} Bb4 {[%emt 0:01:57]} 12. Nc3 {[%emt 0:03:51]} O-O {[%emt 0:00:50]} 13. Qb3 {[%emt 0:00:31]} Qa5 {[%emt 0:05:43]} 14. Nf3 {[%emt 0:01:42]} Rfd8 {[%emt 0:01:02]} 15. a3 {[%emt 0:01:08]} Bc5 {[%emt 0:01:31]} 16. Bxc5 {[%emt 0:02:10]} Qxc5 {[%emt 0:00:45]} 17. Rad1 {[%emt 0:00:24]} b6 $146 {[%emt 0:03:03]} 18. h3 {[%emt 0:06:58]} Ne7 {[%emt 0:04:01]} 19. Ne5 {[%emt 0:03:04]} Be8 {[%emt 0:00:14]} 20. Na4 {[%emt 0:00:15]} Bxa4 {[%emt 0:00:29]} 21. Rxd8+ {[%emt 0:00:15]} Rxd8 {[%emt 0:00:10]} 22. Qxa4 {[%emt 0:00:05]} a5 {[%emt 0:01:02]} 23. b4 {[%emt 0:01:07]} Qc7 {[%emt 0:01:25]} 24. Rd1 {[%emt 0:00:39]} Rxd1 {[%emt 0:00:41]} 25. Qxd1 {[%emt 0:00:09]} Ng6 {[%emt 0:00:26]} 26. Nf3 {[%emt 0:01:04]} axb4 {[%emt 0:01:15]} 27. axb4 {[%emt 0:00:15]} Nd7 {[%emt 0:00:21]} 28. Qd2 {[%emt 0:00:41]} h6 {[%emt 0:01:07]} 29. Qc3 {[%emt 0:00:52]} Ne7 {[%emt 0:01:49]} 30. Nd2 {[%emt 0:00:30]} Nc6 {[%emt 0:01:21]} 31. Nb3 {[%emt 0:00:05]} Qd6 {[%emt 0:00:49]} 32. c5 $11 {[%emt 0:00:15]} 1/2-1/2

[Event "Lviv Tradition January 2019"]
[Site "Lviv"]
[Date "2019.01.29"]
[Round "4"]
[White "Boricsev, Oleg"]
[Black "Gavrish, Leonid"]
[Result "1-0"]
[WhiteElo "2297"]
[BlackElo "2149"]
[Annotator "TA"]
[PlyCount "43"]
[EventDate "2019.01.27"]
[EventType "schev"]
[EventCountry "UKR"]
[SourceTitle "playchess.com"]
[Source "ChessBase"]
[SourceQuality "1"]

{[%evp 12,43,60,-23,26,24,71,39,72,76,72,65,112,104,141,173,204,45,36,41,145,91,163,116,177,130,122,133,197,52,445,450,2331,2254]} 1. e4 d6 2. d4 Nf6 3. Nc3 g6 4. Bg5 h6 5. Bh4 Bg7 6. f4 c5 7. d5 {LiveBook: 4 Games. B07: Pirc Defence: Miscellaneous Systems} (7. dxc5 $14 Qa5 8. Qd2 Qxc5 9. Bf2) (7. e5 Nh5 8. dxc5 dxe5 9. Qxd8+ Kxd8 10. O-O-O+ Bd7 11. fxe5 Bxe5 12. Nd5 g5 13. Bf2 e6 14. Nf3 Bg7 15. Nb4 {½-½ (53) Zhang,Z (2619)-Dominguez Perez,L (2732) Berlin 2015}) 7... O-O 8. Nf3 Bg4 $146 ({Predecessor:} 8... Qa5 9. Qd2 a6 10. a4 e6 11. dxe6 Bxe6 12. Bd3 Nc6 13. O-O Bg4 14. e5 dxe5 15. Nxe5 Nxe5 16. fxe5 Nd7 17. Qf4 Nxe5 18. Nd5 c4 19. Nf6+ Kh8 20. Be4 g5 21. Qf2 {½-½ (21) Balogh,C (2340)-Resika,N (2288) Budapest 2001}) 9. Be2 {White is better.} b5 {aiming for ...b4.} 10. e5 Nh5 11. Qd2 b4 12. Ne4 dxe5 13. fxe5 Qc7 14. d6 $2 (14. O-O $18) 14... exd6 $14 15. h3 (15. Nxd6 Nd7 $11) (15. Qxd6 Qxd6 16. Nxd6 Nc6 $17) 15... Bxf3 (15... Be6 $1 $14) 16. Bxf3 ({White should play} 16. exd6 Qa5 17. Bxf3) 16... Nd7 (16... d5 $16 17. Qxd5 Nd7) 17. Bxh5 ({And not} 17. Nxd6 Bxe5 18. Ne4 (18. Bxa8 Bxd6 19. Bf3 Bf4 $19) 18... Ndf6 $17) 17... gxh5 (17... Rae8 $16 {keeps fighting.}) 18. O-O-O Nxe5 {[#]} 19. Nf6+ $1 Kh8 {[#]} (19... Bxf6 $16 20. Bxf6 Kh7) 20. Nxh5 (20. Nd5 $1 $18 {[%cal Rd5c7]} Qa5 21. Bf6) 20... Nc4 $2 {[%mdl 8192]} ({Black should try} 20... f5 $1 $14) 21. Qf4 $18 {White threatens Bf6 and mate.} Ne5 (21... Bxb2+ $142 22. Kb1 f6 23. Qxc4 Be5) 22. Bf6 {Precision: White = 44%, Black =  7%.} 1-0

[Event "Lviv Tradition January 2019"]
[Site "Lviv"]
[Date "2019.01.29"]
[Round "4"]
[White "Sevostianov, Pavel"]
[Black "Prydun, Andriy"]
[Result "0-1"]
[WhiteElo "2258"]
[BlackElo "2218"]
[Annotator "RC"]
[PlyCount "70"]
[EventDate "2019.01.27"]
[EventType "schev"]
[EventCountry "UKR"]
[SourceTitle "playchess.com"]
[Source "ChessBase"]
[SourceQuality "1"]
[TimeControl "5400+30"]

1. e4 {[%emt 0:00:49]} e6 {[%emt 0:00:12]} 2. Nc3 {[%emt 0:04:39]} d5 {[%emt 0:00:14]} 3. g3 {[%emt 0:00:16]} Nf6 {[%emt 0:01:37]} 4. Bg2 {[%emt 0:00:17]} c5 {[%emt 0:10:00]} 5. exd5 {[%emt 0:00:09]} exd5 {[%emt 0:00:09]} 6. d3 {[%emt 0:00:16]} Be7 {[%emt 0:01:17]} 7. Nge2 {[%emt 0:00:40]} d4 {[%emt 0:04:17]} 8. Ne4 {[%emt 0:00:17]} Nxe4 {[%emt 0:00:09]} 9. Bxe4 {[%emt 0:00:06]} Nd7 {[%emt 0:00:02]} 10. O-O {[%emt 0:00:43]} Nf6 {[%emt 0:00:09]} 11. Bg2 {[%emt 0:00:08]} O-O {[%emt 0:00:33]} 12. Bg5 {[%emt 0:06:49]} Bg4 {[%emt 0:17:35]} 13. h3 {[%emt 0:01:24]} Bd7 {[%emt 0:00:12]} 14. Nf4 {[%emt 0:01:45]} Nd5 {[%emt 0:00:32]} 15. Bxe7 {[%emt 0:00:25]} Nxe7 {[%emt 0:00:04]} 16. Qh5 {[%emt 0:03:07]} Qb6 {[%emt 0:05:45]} 17. Rae1 {[%emt 0:01:11]} Ng6 {[%emt 0:01:12]} 18. Nd5 {[%emt 0:03:22]} Qd6 {[%emt 0:00:30]} 19. f4 {[%emt 0:04:04]} f5 {[%emt 0:04:07]} 20. c4 {[%emt 0:01:22]} dxc3 {[%emt 0:09:10]} 21. bxc3 {[%emt 0:01:10]} Rae8 {[%emt 0:00:10]} 22. c4 {[%emt 0:04:48]} b6 {[%emt 0:09:19]} 23. h4 {[%emt 0:01:05]} Ne7 {[%emt 0:01:59]} 24. Re3 {[%emt 0:02:17]} Nxd5 {[%emt 0:07:22]} 25. Bxd5+ {[%emt 0:00:06]} Qxd5 {[%emt 0:00:03]} 26. cxd5 {[%emt 0:00:21]} Rxe3 {[%emt 0:00:02]} 27. Kf2 {[%emt 0:09:54]} Rfe8 {[%emt 0:03:47]} 28. Rd1 {[%emt 0:00:15]} g6 {[%emt 0:07:01]} 29. Qg5 {[%emt 0:00:44]} Re2+ {[%emt 0:01:09]} 30. Kf1 {[%emt 0:00:54]} Kg7 {[%emt 0:00:30]} 31. h5 {[%emt 0:00:36]} Rh2 {[%emt 0:00:16]} 32. g4 {[%emt 0:08:04]} Rh1+ {[%emt 0:00:27]} 33. Kf2 {[%emt 0:00:15]} Rxd1 {[%emt 0:00:06]} 34. gxf5 {[%emt 0:00:11]} Bxf5 {[%emt 0:00:10]} 35. h6+ {[%emt 0:00:21]} Kf7 {Kg1} 0-1